<?xml version="1.0" encoding="UTF-8"?>
<collection xmlns="http://www.loc.gov/MARC21/slim">
  <record>
    <leader>00000nam  2200000   4500</leader>
    <controlfield tag="001">INLIS000000000001714</controlfield>
    <controlfield tag="005">20180724142921</controlfield>
    <controlfield tag="008">180724|||||||||   |   |||   |||| ||   | </controlfield>
    <datafield tag="035" ind1=" " ind2=" ">
      <subfield code="0">010-0718001714</subfield>
    </datafield>
    <datafield tag="041" ind1=" " ind2=" ">
      <subfield code="a">id</subfield>
    </datafield>
    <datafield tag="082" ind1=" " ind2=" ">
      <subfield code="a">R 070</subfield>
    </datafield>
    <datafield tag="090" ind1=" " ind2=" ">
      <subfield code="a">R  070 PIM I 2017</subfield>
    </datafield>
    <datafield tag="100" ind1=" " ind2=" ">
      <subfield code="a">Sidharta Noor</subfield>
    </datafield>
    <datafield tag="245" ind1=" " ind2=" ">
      <subfield code="a">Rancang Bangun Pemanfaatan E-Learning Dalam Upaya Peningkatan Pemahaman Hak Konstitusional Warga Negara</subfield>
    </datafield>
    <datafield tag="260" ind1=" " ind2=" ">
      <subfield code="a">Jakarta</subfield>
      <subfield code="b">LAN Jakarta</subfield>
      <subfield code="c">2016</subfield>
    </datafield>
    <datafield tag="300" ind1=" " ind2=" ">
      <subfield code="a">iv, 147 hlm., Ilus, 30 cm</subfield>
    </datafield>
    <datafield tag="500" ind1=" " ind2=" ">
      <subfield code="a">Proyek Perubahan ini seperti yang ada beberapa tujuan yang hendak dicapai baik itu jangka pendek, menengah, hingga ke tujuan jangka panjang. Tujuan jangka pendeknya pengembangan proses pembelajaran dan penyempurnaan media pembelajaran bagi para stakeholder. Tujuan jangka pendek yang kedua adalah optimalisasi Pusat Pendidikan Pancasila dan Konstitusi sebagai lembaga diklat yang relatif baru dengan memberikan informasi yang lengkap tentang profil Pusat Pendidikan Pancasila dan Konstitusi, Visi dan Misi, Fasilitas-fasilitas yang disediakan, dan informasi mengenai layanan (service) yang diberikan.</subfield>
    </datafield>
    <datafield tag="650" ind1=" " ind2=" ">
      <subfield code="a">Hak Konstitusional</subfield>
    </datafield>
  </record>
</collection>
